The councils strike back (Record no. 121086)
[ view plain ]
| 000 -LEADER | |
|---|---|
| fixed length control field | 01396nas a22002177a 4500 |
| 001 - CONTROL NUMBER | |
| control field | K121086 |
| 007 - PHYSICAL DESCRIPTION FIXED FIELD--GENERAL INFORMATION | |
| fixed length control field | ta |
| 008 - FIXED-LENGTH DATA ELEMENTS--GENERAL INFORMATION | |
| fixed length control field | 190812b2019 ||||| |||| 00| 0 eng d |
| 041 ## - LANGUAGE CODE | |
| Language code of text/sound track or separate title | eng |
| 100 ## - MAIN ENTRY--PERSONAL NAME | |
| Personal author | Ambrose, Jan |
| 245 ## - TITLE STATEMENT | |
| Title | The councils strike back |
| 490 ## - SERIES TITLE | |
| Series statement | RICS Property Journal |
| Volume | July/August 2019, 36-37(2) |
| 520 ## - ABSTRACT | |
| Abstract | Local authorities are using a range of initiatives to bring empty properties into use .These include offering interest-free loans to owners for example Burnley Borough Council, using a matchmake scheme to march owners of unoccupied properties with potential buyers on its lists who are willing to consider them for purchase even if they need extensive work. Kent County Council launched its No Use Empty campaign in 2005 which offers 3 forms of financial assistance, including a loan scheme to help owners and developers refurbish or convert empty homes, a partnership fund with District Councils in the county to take enforcement action such as issuing CPOs and a direct purchase scheme allowing council to acquire empty properties for development into housing. |
| 650 ## - KEYWORDS | |
| Keywords | EMPTY HOMES |
| 650 ## - KEYWORDS | |
| Keywords | CPOS |
| 650 ## - KEYWORDS | |
| Keywords | DERELICT BUILDINGS |
| 651 ## - SUBJECT ADDED ENTRY--GEOGRAPHIC NAME | |
| Geographic name | United Kingdom 1973 |
| 690 ## - LOCAL SUBJECT ADDED ENTRY--TOPICAL TERM (OCLC, RLIN) | |
| 9 (RLIN) | 6264 |
| Topical term or geographic name as entry element | Refurbishment |
| 690 ## - LOCAL SUBJECT ADDED ENTRY--TOPICAL TERM (OCLC, RLIN) | |
| 9 (RLIN) | 6266 |
| Topical term or geographic name as entry element | Residential property |
| 856 ## - ONLINE RESOURCE | |
| Uniform Resource Identifier | https://issuu.com/ricsmodus/docs/property_journal_july-aug_2019/34 |
| Public note | Click here to view at isssu.com |
| Withdrawn status | Lost status | Damaged status | Not for loan | Home library | Current library | Shelving location | Date acquired | Total Checkouts | Date last seen | Price effective from | Koha item type |
|---|---|---|---|---|---|---|---|---|---|---|---|
| Virtual | Virtual | Online | 12/08/2019 | 12/08/2019 | 12/08/2019 | Journal article |